2017 NHL First Round Draft Selections - Statistics

General Stats
  • This quiz has been taken 16 times
  • The average score is 18 of 31
Answer Stats
Pick Player Team Position % Correct
4 Cale Makar COL D
100%
6 Cody Glass VGK C
100%
5 Elias Pettersson VAN C
100%
3 Miro Heiskanen DAL D
100%
13 Nick Suzuki VGK C
100%
1 Nico Hischier NJD C
100%
2 Nolan Patrick PHI C
100%
15 Erik Brannstrom VGK D
86%
7 Lias Andersson NYR C
86%
17 Timothy Liljegren TOR D
86%
26 Jake Oettinger DAL G
71%
19 Josh Norris SJS C
57%
16 Juuso Valimaki CGY D
57%
22 Kailer Yamamoto EDM RW
57%
9 Michael Rasmussen DET C
57%
10 Owen Tippett FLA RW
57%
20 Robert Thomas STL C
57%
25 Ryan Poehling MTL C
57%
14 Cal Foote TBL D
43%
30 Eeli Tolvanen NSH RW
43%
29 Henri Jokiharju CHI D
43%
27 Morgan Frost PHI C
43%
18 Urho Vaakanainen BOS D
43%
8 Casey Mittelstadt BUF C
29%
11 Gabriel Vilardi LAK C
29%
31 Klim Kostin STL C
29%
24 Kristian Vesalainen WPG LW
29%
23 P.O. Joseph ARI D
29%
28 Shane Bowers OTT C
29%
21 Filip Chytil NYR C
14%
12 Martin Necas CAR C
14%
No matching quizzes found
Score Distribution
Percent of People with Each Score
Percentile by Number Answered
Your Score History
You have not taken this quiz